| 000 | 00401nam a2200145Ia 4500 | ||
|---|---|---|---|
| 008 | 230917s9999||||xx |||||||||||||| ||und|| | ||
| 040 |
_e73340 _aMAIN |
||
| 041 | _aEnglish | ||
| 082 | _a658 P834C | ||
| 100 | _aPorter, Michael E | ||
| 245 | 0 | _aCompetitive strategy: techniques for analyzing industries and competitors | |
| 260 |
_aNew York _bFree Press _c1980 |
||
| 300 | _axx, 396 p. | ||
| 942 | _cBK | ||
| 999 |
_c217887 _d217887 |
||